| 000 | 00344nam a2200145 a 4500 | ||
|---|---|---|---|
| 001 | 3584 | ||
| 003 | CDMR | ||
| 005 | 20130116135246.0 | ||
| 008 | 130130s1996||||||||||||||||||||||||||||d | ||
| 040 |
_aCDMR _bcat _cCDMR |
||
| 100 | 1 |
_aBurnett, David _92557 |
|
| 245 | 1 | 0 |
_aTestigos _cBURNETT, David |
| 260 |
_aBarcelona _c1996 _bFocal, A.C. |
||
| 942 | _cMON | ||
| 999 |
_c3584 _d3584 |
||